| 000 | 00000nam 2200000zi 4500 |
| 001 | 9.926438 |
| 003 | CaOODSP |
| 005 | 20231006162403 |
| 006 | m o d f |
| 007 | cr |n||||||||| |
| 008 | 230822e199205##onc ob f000 0|eng d |
| 040 | |aCaOODSP|beng|erda|cCaOODSP |
| 043 | |an-cn--- |
| 086 | 1 |aCo22-518/1992E-PDF |
| 245 | 02|aA digital cordless telephone service for Canada. |
| 246 | 34|aDigital cordless telephone service in Canada |
| 264 | 1|a[Ottawa] : |bDepartment of Communications, |cMay 1992. |
| 300 | |a1 online resource (14 pages) |
| 336 | |atext|btxt|2rdacontent |
| 337 | |acomputer|bc|2rdamedia |
| 338 | |aonline resource|bcr|2rdacarrier |
| 500 | |aDigitized edition from print [produced by Innovation, Science and Economic Development Canada]. |
| 500 | |aIssued also in French under title: Un service de téléphone numérique sans fil au Canada. |
| 504 | |aIncludes bibliographical references (pages 13-14). |
| 650 | 0|aDigital telephone systems|zCanada. |
| 650 | 6|aRadio|zCanada. |
| 710 | 1 |aCanada. |bDepartment of Communications, |eissuing body. |
| 775 | 08|tUn service de téléphone numérique sans fil au Canada.|w(CaOODSP)9.928349 |
| 856 | 40|qPDF|s423 KB|uhttps://publications.gc.ca/collections/collection_2023/isde-ised/co22/Co22-518-1992-eng.pdf |